| 000 | 00785nam a22002057a 4500 | ||
|---|---|---|---|
| 005 | 20210325173423.0 | ||
| 008 | s2527 th tha d | ||
| 041 | _atha | ||
| 050 | _aNA1522 ศ529พ | ||
| 245 | 1 | 0 | _aพระตำหนักทับขวัญและพระราชวังสนามจันทร์ |
| 260 | 3 |
_aกรุงเทพฯ : _bมหาวิทยาลัยศิลปากร, _c2527 |
|
| 300 |
_a80 หน้า : _b ภาพประกอบ |
||
| 650 | 0 | 4 | _aพระตำหนักทับขวัญ |
| 650 | 0 | 4 | _aพระที่นั่ง |
| 650 | 0 | 4 | _aพระราชวังสนามจันทร์ |
| 850 | _aNALT | ||
| 942 | _cGB | ||
| 997 | _c000000000001349 | ||
| 998 | _aJETANANARD SUWANDEE | ||
| 999 |
_c1349 _d1349 |
||